Datum a čas kvízu
28.5
Celkem bodů
Celkový počet nahraných bodů na tomto kvízu bez doplňovacích otázek.
1.
Pořadí na kvízu
Konečné umístění týmu na tomto kvízu.
Zaznamenané odpovědi
| # | Otázka | Odpověď | Body | Výsledky |
|---|---|---|---|---|
| 1. | Centrum pro výzkum veřejného m... | 1C 2A 3D 4B | 0 | |
| 2. | Papež František proslul tím, ž... | papež si nenechal políbit prsten a vždy ucuknul | 1 | |
| 3. | Po deseti letech výstavby otev... | o Kataru | 0 | |
| 4. | Tři moravské pivovary přestan... | Litovel, Zubr, Holba | 0 | |
| 5. | 37letý záložník, hráč klubu AC... | Marek Matějovský | 1 | |
| 6. | Vaším úkolem bude uhodnout kře... | Jaroslav / Tomáš Satoranský | 1 | |
| 7. | Čtvrté nejčastější příjmení v... | Petr / Pavel / Petra Svoboda | 0 | |
| 8. | Nejstarším z další trojice je... | Emanuel / David Moravec; Nikol Moravcová | 0.5 | |
| 9. | Slovenský jazzový a bluesový z... | Peter / Dua Lipa | 0 | |
| 10. | Generál (1885–1945) a hudebník... | George, Mike Patton | 0 |